000 00805nam a2200253 i 4500
001 113756
003 ES-MaACL
005 20231215062953.0
007 t|
008 061121s1973 sp r ||||1| spa d
020 _a84-300-5948-2
080 _a087.5:860-34"19"
100 1 _aBravo-Villasante, Carmen,
_d1918-1994
_931507
245 1 0 _aVida y muerte del Doncel /
_cCarmen Bravo-Villasante ; diseño, Jesús Iniesta ; ilustraciones, Miguel Ángel Pacheco.
250 _a1ª ed.
260 _aMadrid :
_bCVS,
_c1973.
300 _a30 p. 4 h. de lám. ;
_c24 cm.
490 1 _aLa ardilla inquieta ;
_v2
700 1 _aIniesta, Jesús.
_965314
700 1 _aPacheco, Miguel Angel.
_988130
830 1 _aLa ardilla inquieta ;
_v2
_9233215
852 4 _aES-MaACL
_jL-9806
999 _c113756
_d113756